Modelovanie rizika poistného

Ak sú tarify správne stanovené, v dlhodobom horizonte budú pokrývať škody pripadajúce na jednotlivé poistné zmluvy. Z krátkodobého hľadiska je riziko, že škoda môže presiahnuť očakávanú stratu. Takéto riziká je potrebné merať a poisťovňa musí držať potrebnú výšku kapitálu na pokrytie týchto rizík s...

Ausführliche Beschreibung

Gespeichert in:
Bibliographische Detailangaben
1. Verfasser: Strežo, Marek, 1990-
Format: Buchkapitel
Sprache:Slowakisch
Schlagworte:
Tags: Tag hinzufügen
Keine Tags, Fügen Sie das erste Tag hinzu!

MARC

LEADER 00000naa$a2200000$$$4500
001 0250360
005 20240502074019.4
041 0 |a slo 
044 |a SK 
245 1 0 |a Modelovanie rizika poistného  |c Marek Strežo 
520 |a Ak sú tarify správne stanovené, v dlhodobom horizonte budú pokrývať škody pripadajúce na jednotlivé poistné zmluvy. Z krátkodobého hľadiska je riziko, že škoda môže presiahnuť očakávanú stratu. Takéto riziká je potrebné merať a poisťovňa musí držať potrebnú výšku kapitálu na pokrytie týchto rizík s vysokou pravdepodobnosťnou. Modely rizika poistného. Model založený na individuálnej výške škôd. Model založený na agregovanej úrovni škôd. Prípadové štúdie. 
610 2 0 |a poistenie 
610 2 0 |a riziko poistné 
610 2 0 |a škody 
610 2 0 |a modelovanie 
610 2 0 |a modely 
100 1 |a Strežo, Marek, 1990-